Décodeur - Pokémon - Statistiques

Statistiques générales
  • Ce quiz a été pris 417 fois
    396 depuis la dernière actualisation
  • Le résultat moyen est 12 sur 16
Statistiques - réponses
Indice Mot % Correct
R Nom de la team ennemie dirigée par Giovanni Rocket
98%
S Personnage principal de l'anime Sacha
95%
S Oiseau légendaire de type Feu Sulfura
94%
T Pokémon de départ de type Plante de la quatrième génération Tortipouss
91%
T Évolution finale du Pokémon ci-dessus Torterra
89%
A Statistique qui permet de calculer les dégâts sur une capacité physique Attaque
83%
Z Pokémon souvent associé à Xerneas et Yveltal Zygarde
83%
L Pokémon légendaire masculin évoquant un avion de ligne Latios
80%
U Région dans laquelle se déroule l'histoire de Pokémon Noir et Blanc Unys
79%
Phrase mystère Attrapez les tous!
78%
E Évolution de Dimoclès, lui même évolution de Monorpale Exagide
71%
O Pokémon de départ de type Eau dans Pokémon Soleil et Lune Otaquin
71%
T Évolution de Axoloto de Paldea Terraiste
68%
E Quand on dit que Bulbizarre vient de bulbe et bizarre, on explique l'... Etymologie
56%
P Ville dans laquelle se déroule le combat contre Koga dans Pokémon Rouge, Bleu et Jaune Parmanie
49%
A Championne d'arène de type Feu dans Pokémon Rubis et Saphir Adriane
47%
Aucun quiz correspondant
Distribution des résultats
% des personnes avec chaque résultat
Percentile par nombre de réponses
Votre historique - résultats
Vous n’avez pas pris ce quiz depuis la dernière actualisation